000 002940000a22000970004500
100 1 _aRaiser, Konrad
245 1 0 _aThe vision and values guiding the ecumenical movement from today into tomorrow
300 _aVol.55, núm.2 (June, 2005), Páginas 111-118
773 0 _tReformed World
942 _cANA
999 _c60980
_d60980